| 000 | 00658nam a2200229Ia 4500 | ||
|---|---|---|---|
| 001 | 5689 | ||
| 003 | GE_BSU | ||
| 008 | 181216s||||||||xx |||||||||||||| ||und|| | ||
| 040 | _cGE_BSU | ||
| 080 | _a159.98 | ||
| 100 | _aКовалёв А.Г. | ||
| 245 | _aПсихология семейного воспитания. | ||
| 245 | _cРед.З. лифанов | ||
| 260 | _aМинск | ||
| 260 | _bНародная Асвета | ||
| 260 | _c1989 | ||
| 300 | _a253 с. 20 см. | ||
| 653 | _aПсихология | ||
| 653 | _aПсихология семейного воспитания. | ||
| 653 | _aფსიქოლოგია | ||
| 942 | _cBK | ||
| 999 |
_c39111 _d39111 |
||